Least Guessed Answers on Jetpunk Quizzes - Statistics

General Stats
  • This quiz has been taken 41 times
  • The average score is 11 of 20
Answer Stats
Quiz Name Answers % Correct
Fast Typing 1 to 100 100 | 98 | 97 | 96 | 95
95%
12 Months in 15 Seconds December | November | October | September | August
92%
Fast Typing A to Z Z | X | Y | V | W
92%
US States Massachusetts | Missouri | Connecticut | Wisconsin | Vermont
87%
Planets of the Solar System Neptune | Mercury | Uranus | Venus | Jupiter
84%
Countries of Europe Montenegro | Kosovo | San Marino | Moldova | Liechtenstein
82%
Countries of the World São Tomé and Príncipe | Nauru | Comoros | Saint Vincent and the Grenadines | Palau
82%
Countries that start with B Burkina Faso | Burundi | Benin | Brunei | Bahrain
79%
Countries of Africa São Tomé and Príncipe | Comoros | Guinea-Bissau | Burundi | Seychelles
76%
Countries of Asia East Timor | Maldives | Brunei | Bahrain | Cyprus
66%
Biggest Countries by Population Tanzania | Ethiopia | Philippines | Vietnam | D.R. Congo
42%
U.S. Presidents Rutherford B. Hayes | Chester A. Arthur | Warren Harding | Franklin Pierce | Millard Fillmore
37%
NBA Basketball Teams Memphis Grizzlies | Portland Trail Blazers | Minnesota Timberwolves | Detroit Pistons | Denver Nuggets
32%
NFL Football Teams Buffalo Bills | Tennessee Titans | Jacksonville Jaguars | Tampa Bay Buccaneers | Kansas City Chiefs
29%
Countries by Borders in 90 seconds Brunei | Gambia | Liechtenstein | Equatorial Guinea | Guinea-Bissau
26%
U.S. State Capitals Concord | Montpelier | Jefferson City | Charleston | Pierre
26%
Countries by First Two Letters in 90 Seconds East Timor | Djibouti | Cyprus | Trinidad and Tobago | Rwanda
24%
World Capitals Ngerulmud | Majuro | South Tarawa | Palikir | Nuku'alofa
24%
Elements of the Periodic Table Meitnerium | Roentgenium | Flerovium | Dysprosium | Nihonium
13%
100 Most Common English Words Only | Even | Back | Use | Year
8%
No matching quizzes found
Score Distribution
Percent of People with Each Score
Percentile by Number Answered
Your Score History
You have not taken this quiz